[Event "Ruhrgebiet Verbandsklasse Gruppe 2 1718"]
[Site "Germany"]
[Date "2017.09.17"]
[Round "1.8"]
[White "Maerz, Klaus"]
[Black "Temming, Markus"]
[Result "1/2-1/2"]
[WhiteElo "1719"]
[BlackElo "1630"]
[PlyCount "22"]
[EventDate "2017.09.17"]
[EventType "team-tourn"]
[EventRounds "9"]
[EventCountry "GER"]
[SourceTitle "EXT 2022"]
[Source "ChessBase"]
[SourceDate "2021.10.06"]
[SourceVersion "1"]
[SourceVersionDate "2021.10.06"]
[SourceQuality "1"]
[WhiteTeam "Steele/Kray Rochade"]
[BlackTeam "Essen SK Germania Kupferdreh"]
[WhiteTeamCountry "GER"]
[BlackTeamCountry "GER"]

1. e4 e6 2. d4 d5 3. exd5 exd5 4. Bd3 Bd6 5. Ne2 Nf6 6. Bg5 0-0 7. Nbc3 c6 8. Qd2 Bg4 9. f3 Bh5 10. 0-0-0 Nbd7 11. Nf4 Bg6 1/2-1/2